[Event "2020 Australian Chess Championship"]
[Site "Sydney, Australia"]
[Date "2020.01.03"]
[Round "2.1"]
[White "Mcgowan, Cameron"]
[Black "Kuybokarov, Temur"]
[Result "0-1"]
[WhiteElo "2221"]
[BlackElo "2523"]

1. e4 {[%clk 01:30:57]} {[%emt 00:00:02]} e5 {[%clk 01:30:50]} {[%emt
00:00:10]} 2. Nf3 {[%clk 01:31:18]} {[%emt 00:00:08]} Nc6 {[%clk 01:31:04]}
{[%emt 00:00:15]} 3. Bc4 {[%clk 01:31:41]} {[%emt 00:00:08]} Nf6 {[%clk
01:31:20]} {[%emt 00:00:14]} 4. d3 {[%clk 01:32:02]} {[%emt 00:00:09]} h6
{[%clk 01:31:05]} {[%emt 00:00:45]} 5. O-O {[%clk 01:30:32]} {[%emt 00:01:59]}
d6 {[%clk 01:29:03]} {[%emt 00:02:33]} 6. a4 {[%clk 01:29:39]} {[%emt
00:01:23]} g5 {[%clk 01:23:20]} {[%emt 00:06:12]} 7. Re1 {[%clk 01:21:04]}
{[%emt 00:09:06]} Bg7 {[%clk 01:13:23]} {[%emt 00:10:28]} 8. c3 {[%clk
01:14:44]} {[%emt 00:06:50]} O-O {[%clk 01:12:10]} {[%emt 00:01:43]} 9. h3
{[%clk 00:58:02]} {[%emt 00:07:39]} d5 {[%clk 00:57:32]} 10. Bb5 {[%clk
00:58:02]} dxe4 {[%clk 00:57:32]} {[%emt 00:25:41]} 11. Bxc6 {[%clk 00:57:35]}
bxc6 {[%clk 00:57:32]} 12. Nxe5 {[%clk 00:57:35]} Qd5 {[%clk 00:45:31]} {[%emt
00:15:10]} 13. d4 {[%clk 00:55:25]} {[%emt 00:01:59]} c5 {[%emt 00:11:19]} 14.
f4 {[%clk 00:33:18]} {[%emt 00:07:01]} exf3 15. Nxf3 {[%emt 00:15:34]} g4
{[%emt 00:00:27]} 16. hxg4 {[%clk 00:33:27]} {[%emt 00:00:02]} Bxg4 {[%clk
00:36:19]} {[%emt 00:00:15]} 17. dxc5 {[%clk 00:29:53]} {[%emt 00:04:04]} Qxc5+
{[%clk 00:29:51]} {[%emt 00:07:00]} 18. Be3 {[%clk 00:29:40]} {[%emt 00:00:42]}
Qh5 {[%clk 00:30:09]} {[%emt 00:00:12]} 19. Nbd2 {[%clk 00:29:38]} {[%emt
00:00:32]} Rfe8 {[%clk 00:28:17]} {[%emt 00:02:22]} 20. Qe2 {[%clk 00:27:40]}
{[%emt 00:02:28]} Rab8 {[%clk 00:21:24]} {[%emt 00:31:38]} 21. Qc4 {[%clk
00:22:56]} a5 {[%clk 00:19:41]} 22. Bd4 {[%clk 00:16:16]} Rec8 {[%clk
00:18:02]} 23. b4 {[%clk 00:12:58]} Be6 {[%clk 00:17:29]} 24. Qc5 Qxc5 {[%clk
00:17:19]} 25. bxc5 {[%clk 00:11:52]} {[%emt 00:00:08]} Rb2 {[%clk 00:15:30]}
{[%emt 00:02:19]} 26. Reb1 {[%clk 00:09:34]} {[%emt 00:02:49]} Rcb8 {[%clk
00:15:39]} {[%emt 00:00:20]} 27. Ne5 {[%clk 00:08:21]} {[%emt 00:01:44]} Rxb1+
{[%clk 00:10:03]} {[%emt 00:06:06]} 28. Rxb1 {[%clk 00:08:44]} {[%emt
00:00:06]} Rxb1+ {[%clk 00:10:16]} {[%emt 00:00:17]} 29. Nxb1 {[%clk 00:09:12]}
Bb3 {[%clk 00:10:23]} {[%emt 00:00:23]} 30. Nc6 {[%clk 00:09:08]} {[%emt
00:00:35]} Bxa4 {[%clk 00:09:40]} {[%emt 00:01:14]} 31. Nxa5 {[%clk 00:09:37]}
{[%emt 00:00:02]} Ne4 {[%clk 00:09:36]} {[%emt 00:00:34]} 32. Nc4 {[%clk
00:09:13]} {[%emt 00:00:54]} Bf8 {[%clk 00:09:11]} {[%emt 00:00:54]} 33. Nbd2
{[%clk 00:06:36]} {[%emt 00:03:07]} Nxc5 {[%clk 00:09:24]} {[%emt 00:00:17]} 34.
Kf2 {[%clk 00:04:38]} {[%emt 00:02:28]} Be7 {[%clk 00:07:12]} {[%emt 00:02:43]}
35. Ne3 {[%clk 00:02:30]} {[%emt 00:02:39]} Nd3+ {[%clk 00:05:55]} {[%emt
00:01:47]} 36. Ke2 {[%clk 00:02:56]} {[%emt 00:00:04]} Nc1+ {[%clk 00:05:23]}
{[%emt 00:01:02]} 37. Kf3 {[%clk 00:02:30]} {[%emt 00:00:57]} Bg5 {[%clk
00:04:53]} {[%emt 00:00:59]} 38. Ndc4 {[%clk 00:01:19]} {[%emt 00:01:41]} Bc6+
{[%clk 00:04:50]} {[%emt 00:00:33]} 39. Kf2 {[%clk 00:00:59]} {[%emt 00:00:50]}
Nd3+ {[%clk 00:04:59]} {[%emt 00:00:20]} 40. Ke2 {[%clk 00:00:54]} {[%emt
00:00:34]} Nf4+ {[%clk 00:02:10]} {[%emt 00:03:20]} 41. Kf1 {[%clk 00:28:12]}
{[%emt 00:03:12]} Bb5 {[%clk 00:26:12]} {[%emt 00:06:29]} 42. Kf2 {[%clk
00:26:32]} {[%emt 00:02:10]} c5 {[%clk 00:24:57]} {[%emt 00:01:45]} 43. Nd6
{[%clk 00:16:21]} {[%emt 00:10:41]} cxd4 {[%clk 00:24:44]} {[%emt 00:00:43]} 44.
Nxb5 {[%clk 00:16:46]} {[%emt 00:00:06]} dxe3+ {[%clk 00:25:00]} {[%emt
00:00:13]} 45. Kxe3 {[%clk 00:17:13]} {[%emt 00:00:03]} Nxg2+ {[%clk 00:25:11]}
{[%emt 00:00:19]} 46. Ke4 {[%clk 00:17:37]} {[%emt 00:00:06]} Nf4 {[%clk
00:24:55]} {[%emt 00:00:46]} 47. Nd4 {[%clk 00:15:59]} {[%emt 00:02:08]} Ne6
{[%clk 00:25:15]} {[%emt 00:00:10]} 48. Nf3 {[%clk 00:16:24]} {[%emt 00:00:05]}
Be7 {[%clk 00:25:11]} {[%emt 00:00:33]} 49. Kf5 {[%clk 00:15:47]} {[%emt
00:01:08]} Kg7 {[%clk 00:25:37]} {[%emt 00:00:04]} 50. c4 {[%clk 00:15:52]}
{[%emt 00:00:25]} Bf6 {[%clk 00:25:53]} {[%emt 00:00:14]} 51. Nd2 {[%clk
00:15:54]} {[%emt 00:00:27]} h5 {[%clk 00:25:59]} {[%emt 00:00:25]} 52. Ne4
{[%clk 00:14:56]} {[%emt 00:01:27]} Be7 {[%clk 00:26:17]} {[%emt 00:00:13]} 53.
Nf2 {[%clk 00:14:37]} {[%emt 00:00:49]} Kh6 {[%clk 00:26:29]} {[%emt 00:00:18]}
54. Nd3 {[%clk 00:14:32]} {[%emt 00:00:35]} h4 {[%clk 00:26:09]} {[%emt
00:00:50]} 55. Ne5 {[%clk 00:13:48]} {[%emt 00:01:15]} h3 {[%clk 00:25:40]}
{[%emt 00:00:58]} 0-1

[Event "2020 Australian Chess Championship"]
[Site "Sydney, Australia"]
[Date "2020.01.03"]
[Round "2.2"]
[White "Ikeda, Junta"]
[Black "Bjelobrk, Igor"]
[Result "1/2-1/2"]
[WhiteElo "2438"]
[BlackElo "2403"]

1. e4 {[%clk 01:30:57]} {[%emt 00:00:02]} e5 {[%clk 01:27:05]} {[%emt
00:03:55]} 2. Nf3 {[%clk 01:31:21]} {[%emt 00:00:09]} Nc6 {[%clk 01:27:18]}
{[%emt 00:00:14]} 3. Bb5 {[%clk 01:31:46]} {[%emt 00:00:05]} Nf6 {[%clk
01:26:46]} {[%emt 00:01:01]} 4. d3 {[%clk 01:32:06]} {[%emt 00:00:10]} d6
{[%clk 01:23:39]} {[%emt 00:03:38]} 5. Bxc6+ {[%clk 01:27:13]} {[%emt
00:05:23]} bxc6 {[%clk 01:23:03]} {[%emt 00:01:06]} 6. O-O {[%clk 01:27:16]}
{[%emt 00:00:26]} Be7 {[%clk 01:20:39]} {[%emt 00:02:55]} 7. Re1 {[%clk
01:23:08]} {[%emt 00:04:38]} O-O {[%clk 01:14:43]} {[%emt 00:06:26]} 8. d4
{[%clk 01:19:42]} {[%emt 00:03:57]} Nd7 {[%clk 01:09:31]} {[%emt 00:05:41]} 9.
dxe5 {[%clk 01:16:05]} {[%emt 00:04:08]} Nxe5 {[%clk 01:08:39]} {[%emt
00:01:22]} 10. Nxe5 {[%clk 01:15:15]} {[%emt 00:01:20]} dxe5 {[%clk 01:09:04]}
{[%emt 00:00:06]} 11. Nd2 {[%clk 01:03:20]} {[%emt 00:12:25]} Be6 {[%clk
01:07:30]} {[%emt 00:02:04]} 12. Qe2 {[%clk 00:58:25]} {[%emt 00:05:25]} a5
{[%clk 00:55:57]} {[%emt 00:12:02]} 13. a4 {[%clk 00:57:51]} {[%emt 00:01:04]}
Qc8 {[%clk 00:52:19]} {[%emt 00:04:08]} 14. b3 {[%clk 00:47:19]} {[%emt
00:11:03]} f6 {[%clk 00:46:46]} {[%emt 00:06:02]} 15. Ba3 {[%clk 00:44:25]}
{[%emt 00:03:24]} Bxa3 {[%clk 00:44:34]} {[%emt 00:02:42]} 16. Rxa3 {[%clk
00:44:51]} {[%emt 00:00:04]} Qb7 {[%clk 00:43:22]} {[%emt 00:01:41]} 17. Raa1
{[%clk 00:35:49]} {[%emt 00:09:32]} Rfd8 {[%clk 00:42:12]} {[%emt 00:01:40]} 18.
Nf1 {[%clk 00:27:21]} {[%emt 00:08:59]} Qb4 {[%clk 00:41:36]} {[%emt 00:01:06]}
19. Red1 {[%clk 00:13:30]} {[%emt 00:14:21]} 1/2-1/2

[Event "2020 Australian Chess Championship"]
[Site "Sydney, Australia"]
[Date "2020.01.03"]
[Round "2.3"]
[White "Plant, John Stuart"]
[Black "Clarke, Brandon G I"]
[Result "0-1"]
[WhiteElo "1993"]
[BlackElo "2438"]

1. b3 {[%clk 01:29:52]} {[%emt 00:01:07]} d6 {[%clk 01:29:08]} {[%emt
00:01:53]} 2. Bb2 {[%clk 01:29:01]} {[%emt 00:01:20]} Nd7 {[%clk 01:29:33]}
{[%emt 00:00:05]} 3. e3 {[%clk 01:28:57]} {[%emt 00:00:33]} Ngf6 {[%clk
01:29:54]} {[%emt 00:00:09]} 4. Nf3 {[%clk 01:28:53]} {[%emt 00:00:34]} e5
{[%clk 01:29:58]} {[%emt 00:00:26]} 5. d4 {[%clk 01:26:28]} {[%emt 00:02:55]}
e4 {[%clk 01:29:48]} {[%emt 00:00:40]} 6. Nfd2 {[%clk 01:26:30]} {[%emt
00:00:28]} d5 {[%clk 01:27:09]} {[%emt 00:03:10]} 7. c4 {[%clk 01:24:16]}
{[%emt 00:02:44]} c6 {[%clk 01:27:33]} {[%emt 00:00:05]} 8. Nc3 {[%clk
01:21:53]} {[%emt 00:02:52]} Bd6 {[%clk 01:21:56]} {[%emt 00:06:07]} 9. Be2
{[%clk 01:13:09]} {[%emt 00:09:15]} a6 {[%clk 01:19:13]} {[%emt 00:03:14]} 10.
f3 {[%clk 01:04:42]} {[%emt 00:08:56]} O-O {[%clk 00:46:29]} {[%emt 00:33:14]}
11. fxe4 {[%clk 00:55:16]} {[%emt 00:09:57]} Nxe4 {[%clk 00:46:37]} {[%emt
00:00:22]} 12. Ndxe4 {[%clk 00:55:08]} {[%emt 00:00:38]} dxe4 {[%clk 00:47:02]}
{[%emt 00:00:05]} 13. g3 {[%clk 00:48:53]} {[%emt 00:06:44]} Nf6 {[%clk
00:37:26]} {[%emt 00:10:06]} 14. Qd2 {[%clk 00:41:28]} {[%emt 00:07:54]} Re8
{[%clk 00:32:43]} {[%emt 00:05:14]} 15. O-O-O {[%clk 00:38:18]} {[%emt
00:03:39]} b5 {[%clk 00:32:03]} {[%emt 00:01:10]} 16. d5 {[%clk 00:34:05]}
{[%emt 00:04:43]} b4 {[%clk 00:30:51]} {[%emt 00:01:42]} 17. Nb1 {[%clk
00:33:54]} {[%emt 00:00:40]} c5 {[%clk 00:25:28]} {[%emt 00:05:54]} 18. Rdf1
{[%clk 00:31:38]} {[%emt 00:02:46]} Ng4 {[%clk 00:24:25]} {[%emt 00:01:34]} 19.
h3 {[%clk 00:26:47]} Ne5 {[%clk 00:24:34]} {[%emt 00:32:39]} 20. Qc2 {[%clk
00:24:44]} Qg5 {[%clk 00:23:31]} 21. Qxe4 {[%clk 00:16:59]} f5 {[%clk
00:23:07]} 22. h4 {[%clk 00:14:43]} Qxg3 {[%clk 00:22:11]} 23. Qc2 {[%clk
00:14:53]} Qxe3+ {[%clk 00:21:53]} 24. Qd2 {[%clk 00:15:05]} Ng4 {[%clk
00:16:41]} 25. Qxe3 {[%clk 00:11:51]} {[%emt 00:01:22]} Rxe3 {[%clk 00:15:57]}
{[%emt 00:01:14]} 26. Kd2 {[%clk 00:11:33]} f4 {[%emt 00:06:39]} 27. Rhg1
{[%clk 00:08:57]} {[%emt 00:00:05]} h5 {[%clk 00:13:48]} {[%emt 00:00:18]} 28.
Bd3 {[%clk 00:09:10]} {[%emt 00:00:17]} Rh3 {[%clk 00:13:26]} {[%emt 00:00:52]}
29. Rh1 {[%clk 00:08:56]} {[%emt 00:00:44]} Rg3 {[%clk 00:11:27]} {[%emt
00:02:30]} 30. Bg6 {[%clk 00:07:24]} {[%emt 00:02:01]} Rg2+ {[%clk 00:10:25]}
{[%emt 00:01:32]} 31. Kc1 {[%clk 00:07:39]} {[%emt 00:00:14]} Ne3 {[%emt
00:01:55]} 32. Rhg1 {[%clk 00:06:33]} {[%emt 00:00:50]} f3 {[%clk 00:09:00]}
{[%emt 00:01:16]} 33. Nd2 {[%clk 00:02:38]} {[%emt 00:04:25]} Nxf1 {[%clk
00:09:07]} {[%emt 00:00:23]} 34. Bf7+ {[%clk 00:01:22]} {[%emt 00:01:47]} Kxf7
{[%clk 00:09:31]} {[%emt 00:00:06]} 35. Rxf1 {[%clk 00:01:48]} {[%emt
00:00:04]} f2 {[%clk 00:08:53]} {[%emt 00:01:08]} 0-1

[Event "2020 Australian Chess Championship"]
[Site "Sydney, Australia"]
[Date "2020.01.03"]
[Round "2.4"]
[White "Mcclymont, Brodie"]
[Black "Solomon, Stephen J"]
[Result "1-0"]
[WhiteElo "2421"]
[BlackElo "2319"]

1. e4 {[%clk 01:30:55]} {[%emt 00:00:02]} c5 {[%clk 01:30:32]} {[%emt
00:00:30]} 2. Nf3 {[%clk 01:31:18]} {[%emt 00:00:06]} Nc6 {[%clk 01:30:56]}
{[%emt 00:00:08]} 3. d4 {[%clk 01:31:42]} {[%emt 00:00:04]} cxd4 {[%clk
01:31:15]} {[%emt 00:00:12]} 4. Nxd4 {[%clk 01:32:08]} {[%emt 00:00:04]} Nf6
{[%clk 01:31:35]} {[%emt 00:00:10]} 5. Nc3 {[%clk 01:32:28]} {[%emt 00:00:09]}
e5 {[%clk 01:31:48]} {[%emt 00:00:18]} 6. Ndb5 {[%clk 01:32:53]} {[%emt
00:00:04]} d6 {[%clk 01:32:05]} {[%emt 00:00:14]} 7. Nd5 {[%clk 01:33:19]}
{[%emt 00:00:04]} Nxd5 {[%clk 01:32:22]} {[%emt 00:00:14]} 8. exd5 {[%clk
01:33:43]} {[%emt 00:00:05]} Nb8 {[%clk 01:32:40]} {[%emt 00:00:13]} 9. a4
{[%clk 01:34:11]} {[%emt 00:00:03]} Be7 {[%clk 01:30:53]} {[%emt 00:02:16]} 10.
Be2 {[%clk 01:34:34]} {[%emt 00:00:07]} O-O {[%clk 01:31:01]} {[%emt 00:00:22]}
11. O-O {[%clk 01:34:54]} {[%emt 00:00:08]} f5 {[%clk 01:18:45]} {[%emt
00:12:47]} 12. Bd2 {[%clk 01:34:24]} {[%emt 00:01:00]} Nd7 {[%clk 01:12:26]}
{[%emt 00:06:50]} 13. a5 {[%clk 01:34:22]} {[%emt 00:00:32]} a6 {[%clk
00:59:50]} {[%emt 00:13:07]} 14. Na3 {[%clk 01:34:40]} {[%emt 00:00:12]} Nf6
{[%clk 00:56:37]} {[%emt 00:03:44]} 15. Bb4 {[%clk 01:27:01]} {[%emt 00:08:09]}
Ng4 {[%clk 00:47:34]} {[%emt 00:09:33]} 16. Nc4 {[%clk 01:24:52]} {[%emt
00:02:38]} Rf6 {[%clk 00:47:11]} {[%emt 00:00:53]} 17. Ra3 {[%clk 01:12:34]}
{[%emt 00:12:49]} h5 {[%clk 00:40:58]} {[%emt 00:06:44]} 18. h3 {[%clk
01:08:41]} {[%emt 00:04:22]} Rg6 {[%clk 00:38:15]} {[%emt 00:03:14]} 19. hxg4
{[%clk 01:08:02]} {[%emt 00:01:08]} hxg4 {[%clk 00:38:35]} {[%emt 00:00:10]} 20.
Nb6 {[%clk 01:07:55]} {[%emt 00:00:37]} Rb8 {[%clk 00:36:40]} {[%emt 00:02:25]}
21. Rc3 {[%clk 01:07:09]} {[%emt 00:01:16]} Bd7 {[%clk 00:35:40]} {[%emt
00:01:30]} 22. Nxd7 {[%clk 00:36:25]} {[%emt 00:31:14]} Qxd7 {[%clk 00:35:55]}
{[%emt 00:00:14]} 23. Qd3 {[%clk 00:36:10]} {[%emt 00:00:45]} Kf7 {[%clk
00:27:42]} {[%emt 00:08:44]} 24. f4 {[%clk 00:33:24]} {[%emt 00:03:16]} e4
{[%clk 00:25:36]} {[%emt 00:02:36]} 25. Qc4 {[%clk 00:33:47]} {[%emt 00:00:07]}
Rh8 {[%clk 00:11:10]} {[%emt 00:29:28]} 26. Kf2 {[%clk 00:31:06]} Bf6 {[%clk
00:03:46]} 27. Qc7 {[%clk 00:29:52]} Bd4+ {[%clk 00:03:21]} 28. Kg3 {[%clk
00:30:09]} Ke7 {[%clk 00:03:38]} 29. Rc4 {[%clk 00:28:52]} {[%emt 00:01:26]}
Qxc7 {[%clk 00:00:47]} {[%emt 00:03:22]} 30. Rxc7+ {[%clk 00:29:13]} {[%emt
00:00:08]} Kd8 {[%clk 00:01:10]} {[%emt 00:00:06]} 31. Rxb7 {[%clk 00:28:07]}
{[%emt 00:01:36]} Rh7 {[%clk 00:00:37]} {[%emt 00:01:03]} 32. Bc3 {[%clk
00:26:59]} {[%emt 00:01:38]} Be3 {[%clk 00:00:59]} {[%emt 00:00:09]} 33. Bxa6
{[%clk 00:26:32]} {[%emt 00:00:57]} Rgh6 {[%clk 00:00:56]} {[%emt 00:00:33]} 34.
Re1 {[%clk 00:26:44]} {[%emt 00:00:18]} Rh3+ {[%clk 00:00:31]} {[%emt
00:00:55]} 35. gxh3 {[%clk 00:27:08]} {[%emt 00:00:05]} Rxh3+ {[%clk 00:00:59]}
{[%emt 00:00:03]} 36. Kg2 {[%clk 00:27:33]} {[%emt 00:00:05]} Bxf4 {[%clk
00:01:21]} {[%emt 00:00:08]} 37. Rh1 {[%clk 00:27:20]} {[%emt 00:00:42]} 1-0

[Event "2020 Australian Chess Championship"]
[Site "Sydney, Australia"]
[Date "2020.01.03"]
[Round "2.5"]
[White "Wallis, Christopher"]
[Black "Zhang, Jilin"]
[Result "1-0"]
[WhiteElo "2322"]
[BlackElo "2237"]

1. d4 {[%clk 01:30:56]} {[%emt 00:00:03]} Nf6 {[%clk 01:30:51]} {[%emt
00:00:09]} 2. c4 {[%clk 01:31:18]} {[%emt 00:00:08]} g6 {[%clk 01:31:11]}
{[%emt 00:00:10]} 3. Nc3 {[%clk 01:31:37]} {[%emt 00:00:11]} d5 {[%clk
01:31:35]} {[%emt 00:00:06]} 4. cxd5 {[%clk 01:31:40]} {[%emt 00:00:27]} Nxd5
{[%clk 01:31:58]} {[%emt 00:00:07]} 5. e4 {[%clk 01:32:04]} {[%emt 00:00:06]}
Nxc3 {[%clk 01:32:23]} {[%emt 00:00:05]} 6. bxc3 {[%clk 01:32:28]} {[%emt
00:00:06]} Bg7 {[%clk 01:32:47]} {[%emt 00:00:06]} 7. Nf3 {[%clk 01:32:35]}
{[%emt 00:00:23]} c5 {[%clk 01:33:05]} {[%emt 00:00:14]} 8. Be3 {[%clk
01:32:55]} {[%emt 00:00:08]} Qa5 {[%clk 01:31:54]} {[%emt 00:01:42]} 9. Qd2
{[%clk 01:33:18]} {[%emt 00:00:08]} cxd4 {[%clk 01:29:17]} {[%emt 00:03:07]} 10.
cxd4 {[%clk 01:33:40]} Qxd2+ {[%clk 01:29:40]} {[%emt 00:00:14]} 11. Kxd2
{[%clk 01:32:27]} O-O {[%clk 01:29:25]} {[%emt 00:02:28]} 12. Rb1 {[%clk
01:26:24]} Nc6 {[%clk 01:23:26]} {[%emt 00:13:04]} 13. d5 {[%clk 01:23:25]}
{[%emt 00:03:27]} Rd8 {[%clk 01:21:30]} {[%emt 00:02:27]} 14. Bd3 {[%clk
01:21:29]} {[%emt 00:02:25]} Na5 {[%clk 01:15:39]} {[%emt 00:06:22]} 15. Bg5
{[%clk 01:04:58]} {[%emt 00:17:01]} f6 {[%clk 01:08:50]} {[%emt 00:07:20]} 16.
Bf4 {[%clk 00:58:12]} {[%emt 00:07:15]} e5 {[%clk 01:04:54]} {[%emt 00:04:27]}
17. Be3 {[%clk 00:55:32]} {[%emt 00:03:11]} Bf8 {[%clk 01:04:07]} {[%emt
00:01:16]} 18. Ke2 {[%clk 00:51:12]} {[%emt 00:04:49]} b6 {[%clk 01:00:06]}
{[%emt 00:04:32]} 19. Nd2 {[%clk 00:49:06]} {[%emt 00:02:35]} Bb7 {[%clk
00:53:49]} {[%emt 00:06:48]} 20. Nb3 {[%clk 00:42:08]} {[%emt 00:07:28]} Nxb3
{[%clk 00:50:58]} {[%emt 00:03:21]} 21. Rxb3 {[%clk 00:34:44]} {[%emt
00:07:54]} Rdc8 {[%clk 00:43:30]} {[%emt 00:07:59]} 22. a4 {[%clk 00:32:05]}
{[%emt 00:03:09]} Rc7 {[%clk 00:40:48]} {[%emt 00:03:13]} 23. Ra1 {[%clk
00:29:35]} {[%emt 00:02:58]} Bc5 {[%clk 00:33:40]} {[%emt 00:07:39]} 24. a5
{[%clk 00:24:57]} {[%emt 00:05:08]} Bxe3 25. Kxe3 {[%clk 00:24:57]} bxa5 26. d6
{[%clk 00:24:57]} Rd7 27. Bb5 {[%clk 00:24:57]} 1-0

[Event "2020 Australian Chess Championship"]
[Site "Sydney, Australia"]
[Date "2020.01.03"]
[Round "2.6"]
[White "Puccini, Jack"]
[Black "Kargosha, Bahman"]
[Result "1-0"]
[WhiteElo "2265"]
[BlackElo "2101"]

1. e4 {[%clk 01:30:57]} {[%emt 00:00:02]} e5 {[%clk 01:30:56]} {[%emt
00:00:05]} 2. Nf3 {[%clk 01:31:23]} {[%emt 00:00:04]} Nc6 {[%clk 01:31:21]}
{[%emt 00:00:05]} 3. d4 {[%clk 01:31:46]} {[%emt 00:00:07]} exd4 {[%clk
01:31:44]} {[%emt 00:00:07]} 4. Nxd4 {[%clk 01:32:10]} {[%emt 00:00:06]} Nf6
{[%clk 01:32:02]} {[%emt 00:00:11]} 5. Nxc6 {[%clk 01:32:29]} {[%emt 00:00:11]}
bxc6 {[%clk 01:32:24]} {[%emt 00:00:07]} 6. e5 {[%clk 01:32:55]} {[%emt
00:00:05]} Qe7 {[%clk 01:32:45]} {[%emt 00:00:08]} 7. Qe2 {[%clk 01:33:20]}
{[%emt 00:00:06]} Nd5 {[%clk 01:33:06]} {[%emt 00:00:09]} 8. g3 {[%clk
01:33:41]} {[%emt 00:00:09]} g6 {[%clk 01:31:51]} {[%emt 00:01:49]} 9. c4
{[%clk 01:33:58]} {[%emt 00:00:09]} Ba6 {[%clk 01:31:37]} {[%emt 00:00:45]} 10.
b3 {[%clk 01:34:17]} {[%emt 00:00:11]} Bg7 {[%clk 01:31:34]} {[%emt 00:00:32]}
11. Bb2 {[%clk 01:34:41]} {[%emt 00:00:06]} O-O {[%clk 01:31:35]} {[%emt
00:00:29]} 12. Bg2 {[%clk 01:35:06]} {[%emt 00:00:05]} Rae8 {[%clk 01:31:44]}
{[%emt 00:00:21]} 13. O-O {[%clk 01:35:23]} {[%emt 00:00:13]} Bxe5 {[%clk
01:32:02]} {[%emt 00:00:13]} 14. Qxe5 {[%clk 01:35:48]} {[%emt 00:00:05]} Qxe5
{[%clk 01:32:18]} {[%emt 00:00:13]} 15. Bxe5 {[%clk 01:36:14]} {[%emt
00:00:04]} Rxe5 {[%clk 01:32:44]} {[%emt 00:00:04]} 16. cxd5 {[%clk 01:36:37]}
{[%emt 00:00:07]} Bxf1 {[%clk 01:33:10]} {[%emt 00:00:04]} 17. Kxf1 {[%clk
01:36:59]} {[%emt 00:00:08]} cxd5 {[%clk 01:33:33]} {[%emt 00:00:06]} 18. Nc3
{[%clk 01:37:24]} {[%emt 00:00:05]} c6 {[%clk 01:33:59]} {[%emt 00:00:04]} 19.
Rd1 {[%clk 01:37:49]} {[%emt 00:00:05]} f5 {[%clk 01:21:29]} {[%emt 00:13:01]}
20. Bf3 {[%clk 01:34:14]} {[%emt 00:04:05]} Kg7 {[%clk 01:08:59]} {[%emt
00:13:00]} 21. Rd4 {[%clk 01:26:26]} {[%emt 00:08:18]} Rf7 {[%clk 01:07:25]}
{[%emt 00:02:04]} 22. Ne2 {[%clk 01:19:25]} {[%emt 00:07:31]} Rfe7 {[%clk
00:59:57]} {[%emt 00:07:58]} 23. Ra4 {[%clk 00:56:51]} {[%emt 00:23:04]} g5
{[%clk 00:55:18]} {[%emt 00:05:09]} 24. h3 {[%clk 00:56:53]} c5 {[%clk
00:51:48]} {[%emt 00:04:29]} 25. Nc3 {[%clk 00:31:57]} d4 {[%clk 00:50:06]}
{[%emt 00:27:38]} 26. Nd5 {[%clk 00:31:24]} g4 {[%clk 00:39:10]} {[%emt
00:12:30]} 27. Nxe7 {[%clk 00:28:24]} gxf3 {[%clk 00:39:27]} {[%emt 00:03:43]}
28. Nc8 {[%clk 00:28:28]} d5 {[%clk 00:28:09]} {[%emt 00:37:46]} 29. Rxa7+ Kf6
{[%clk 00:19:53]} 30. Nb6 {[%clk 00:18:50]} Kg5 {[%clk 00:04:57]} {[%emt
00:09:18]} 31. Rg7+ {[%clk 00:12:12]} {[%emt 00:07:07]} Kh6 {[%clk 00:03:42]}
{[%emt 00:01:46]} 32. Rd7 {[%clk 00:11:45]} {[%emt 00:00:57]} Re2 {[%clk
00:03:34]} {[%emt 00:00:37]} 33. Rxd5 {[%clk 00:10:37]} {[%emt 00:01:38]} Rxa2
{[%clk 00:03:53]} {[%emt 00:00:11]} 34. Ke1 {[%clk 00:09:38]} {[%emt 00:01:29]}
Re2+ {[%clk 00:03:43]} {[%emt 00:00:41]} 35. Kd1 {[%clk 00:09:58]} {[%emt
00:00:10]} Rxf2 {[%clk 00:03:51]} {[%emt 00:00:22]} 36. Rxf5 {[%clk 00:09:40]}
{[%emt 00:00:47]} Rf1+ {[%clk 00:02:52]} {[%emt 00:01:30]} 37. Kd2 {[%clk
00:09:51]} {[%emt 00:00:20]} Rf2+ {[%clk 00:03:04]} {[%emt 00:00:18]} 38. Kd3
{[%clk 00:07:04]} {[%emt 00:03:17]} Rb2 {[%clk 00:03:11]} {[%emt 00:00:22]} 39.
Kc4 {[%clk 00:07:10]} {[%emt 00:00:25]} Rc2+ {[%clk 00:03:21]} {[%emt
00:00:21]} 40. Kd5 {[%clk 00:05:36]} {[%emt 00:02:03]} Rc3 {[%clk 00:02:28]}
{[%emt 00:01:23]} 41. Nc4 {[%clk 00:28:11]} {[%emt 00:07:55]} Rxb3 {[%emt
00:13:12]} 42. Nd2 {[%clk 00:28:00]} {[%emt 00:00:39]} Rb2 {[%clk 00:19:15]}
{[%emt 00:01:04]} 43. Nxf3 {[%clk 00:23:26]} {[%emt 00:05:03]} Rg2 {[%clk
00:17:48]} {[%emt 00:01:57]} 44. g4 {[%clk 00:18:45]} {[%emt 00:05:12]} Rg3
{[%clk 00:13:37]} {[%emt 00:04:42]} 45. Ke6 {[%clk 00:16:56]} {[%emt 00:02:18]}
Kg7 {[%clk 00:10:38]} {[%emt 00:03:29]} 46. Ne5 {[%clk 00:17:09]} {[%emt
00:00:18]} h6 {[%clk 00:07:25]} {[%emt 00:03:43]} 47. Rf7+ {[%clk 00:13:34]}
{[%emt 00:04:04]} Kg8 {[%clk 00:07:38]} {[%emt 00:00:17]} 48. Rf6 {[%clk
00:13:42]} {[%emt 00:00:22]} Re3 {[%clk 00:06:30]} {[%emt 00:01:39]} 49. Rxh6
{[%clk 00:12:38]} {[%emt 00:01:32]} d3 {[%clk 00:06:21]} {[%emt 00:00:39]} 50.
Kf5 {[%clk 00:11:41]} {[%emt 00:01:27]} d2 {[%clk 00:03:56]} {[%emt 00:02:55]}
51. Rd6 {[%clk 00:11:47]} {[%emt 00:00:24]} Rxh3 {[%clk 00:01:10]} {[%emt
00:03:17]} 52. Rxd2 {[%clk 00:10:34]} {[%emt 00:01:43]} Rc3 {[%clk 00:00:57]}
{[%emt 00:00:43]} 53. Kg6 {[%clk 00:10:03]} {[%emt 00:01:01]} Kf8 {[%clk
00:00:53]} {[%emt 00:00:34]} 54. Nc6 {[%clk 00:10:20]} {[%emt 00:00:12]} 1-0